| 000 | 02970cam a22012254i 4500 | ||
|---|---|---|---|
| 003 | PE-LiUPU | ||
| 005 | 20250813185337.0 | ||
| 008 | 161003s2010 ck r 000 0 spa d | ||
| 020 | _a9584225383 | ||
| 020 | _a9789584225382 | ||
| 035 | _a(Sirsi) a163886 | ||
| 040 |
_aPE-LiUPU _bspa _cPE-LiUPU _erda |
||
| 049 | _aPRUA | ||
| 082 | 0 | 4 |
_a338 _bA92 _220 |
| 100 | 1 |
_aÁvila, Ricardo, _eautor. |
|
| 245 | 1 | 0 |
_aAmérica Latina y el efecto dominó : _b34 personalidades hablan de la crisis global y su impacto en la región / _cRicardo Ávila. |
| 264 | 1 |
_aBogotá : _bPlaneta, _c2010. |
|
| 300 |
_a255 páginas : _c23 centimetros |
||
| 336 |
_atext _2rdacontent |
||
| 337 |
_aunmediated _2rdamedia |
||
| 338 |
_avolume _2rdacarrier |
||
| 505 | 0 | _aLa visión economíca -- La política importa. | |
| 526 | _aP202 | ||
| 526 | _aP201 | ||
| 526 | _aP163 | ||
| 526 | _aP162 | ||
| 526 | _aP161 | ||
| 526 | _aP160 | ||
| 526 | _aP148 | ||
| 526 | _aP147 | ||
| 526 | _aP146 | ||
| 526 | _aP145 | ||
| 526 | _aP144 | ||
| 526 | _aP143 | ||
| 526 | _aP142 | ||
| 526 | _aP141 | ||
| 526 | _aP140 | ||
| 526 | _aP139 | ||
| 526 | _aP138 | ||
| 526 | _aP137 | ||
| 526 | _aP136 | ||
| 526 | _aP135 | ||
| 526 | _aP134 | ||
| 526 | _aP133 | ||
| 526 | _aP129 | ||
| 526 | _aP128 | ||
| 526 | _aP127 | ||
| 526 | _aP120 | ||
| 526 | _aP119 | ||
| 526 | _aP118 | ||
| 526 | _aP116 | ||
| 526 | _aP115 | ||
| 526 | _aP114 | ||
| 526 | _aP110 | ||
| 526 | _aP109 | ||
| 526 | _aP108 | ||
| 526 | _aP104 | ||
| 526 | _aP103 | ||
| 526 | _aP102 | ||
| 526 | _aP99 | ||
| 526 | _aP98 | ||
| 526 | _aP97 | ||
| 526 | _aP96 | ||
| 526 | _aP95 | ||
| 526 | _aP93 | ||
| 526 | _aP90 | ||
| 526 | _aP89 | ||
| 526 | _aP88 | ||
| 526 | _aP83 | ||
| 526 | _aP82 | ||
| 526 | _aP62 | ||
| 526 | _aP59 | ||
| 526 | _aP58 | ||
| 526 | _aP57 | ||
| 526 | _aP51 | ||
| 526 | _aP49 | ||
| 526 | _aP48 | ||
| 526 | _aP47 | ||
| 526 | _aP29 | ||
| 526 | _aP24 | ||
| 526 | _aP20 | ||
| 526 | _aP19 | ||
| 526 | _aP17 | ||
| 526 | _aP15 | ||
| 526 | _aP14 | ||
| 526 | _aP12 | ||
| 526 | _aP10 | ||
| 526 | _aP09 | ||
| 526 | _aP08 | ||
| 526 | _aP07 | ||
| 526 | _aP06 | ||
| 526 | _aP05 | ||
| 526 | _aP04 | ||
| 526 | _aP01 | ||
| 600 | 1 | _aCarranza, Sandra. | |
| 650 | 1 | 4 |
_aDesarrollo económico. _91116 |
| 650 | 2 | 4 | _aPolítica comercial. |
| 910 |
_ajck _bjos _cjck _d20161003 |
||
| 910 |
_adbm _bncf _cncf _d20190513 |
||
| 942 |
_2ddc _cBOOK |
||
| 949 |
_a338 A92 _wDEWEY _c1 _i74727 _lCATALOGING _mBUL _p40.00 _r0 _sY _tBOOK _u2016-10-03 _xFCE _PP04 _0COMPRA _o.CIRCNOTE. El documento es de alto precio. _o.STAFF. Colección Ciencias Empresariales |
||
| 596 | _a1 | ||
| 999 |
_a338 A92 _wDEWEY _c12743 _i74727 _d12743 _f2021-11-5 _g6 _lCCODEBUL1 _mBUL _p40.00 _q1 _r0 _sY _tBOOK _u2016-10-3 _xFCE _PP04 _0COMPRA _o.STAFF. Colección Ciencias Empresariales |
||
| 980 |
_81 _gALBERTO SANCHEZ Responsable de Automatización |
||